Narraciones extraordinarias
Spremljeno u:
| Glavni autor: | |
|---|---|
| Format: | Knjiga |
| Jezik: | španjolski |
| Izdano: |
Santiago
Zig-Zag
1990
|
| Serija: | Grandes Clásicos Escolares
|
| Teme: | |
| Oznake: |
Dodaj oznaku
Bez oznaka, Budi prvi tko označuje ovaj zapis!
|
MARC
| LEADER | 00000nam a2200000 a 4500 | ||
|---|---|---|---|
| 001 | UCH4372 | ||
| 003 | CL-VaPUC | ||
| 008 | 090818e19900200CL |||||||||||||||||spa|d | ||
| 082 | 0 | 4 | |a 813 |b POE |2 21 |
| 100 | |a Poe, Edgar Allan |e author |9 313715 | ||
| 245 | 1 | 0 | |a Narraciones extraordinarias |
| 300 | |a 125 p | ||
| 942 | |c BK | ||
| 945 | |d 20090818 00:00:00 |a lazolas | ||
| 260 | |a Santiago |b Zig-Zag |c 1990 | ||
| 650 | 0 | |a Cuentos estadounidenses |9 265133 | |
| 583 | |a last modification |c 20090818 00:00:00 |k Rodrigo Vera | ||
| 490 | 0 | |a Grandes Clásicos Escolares | |
| 999 | |c 335696 |d 335694 | ||